000 00571nam a2200205Ia 4500
005 20250326144819.0
008 250326s9999 xx 000 0 und d
020 _a0-07-254928-9
037 _aTextbook
040 _aFMSL
_beng
_cFMSL
041 _aeng
_2eng
084 _aX:512 N5;P4
_qFMSL
100 _aWeitz B A
_9741605
245 0 _aSelling : building partnerships
_cWeitz B A And Others
250 _a5
260 _aNew Delhi
_bNew Delhi, McGraw Hill Irwin
_c2004
300 _a595p
942 _cTB
_hX:512 N5;P4
999 _c1305171
_d1305171